000 00209nam a22000857a 4500
008 170116b xxu||||| |||| 00| 0 eng d
100 _92437
_aBirumal
245 _aComprehensive Soccer
260 _aNew Delhi
_bFP
_c2009
999 _c5479
_d5479